000 01020nam a22002297a 4500
003 OSt
005 20251008161350.0
008 240408b ||||| |||| 00| 0 eng d
040 _c0
082 _aDPer 621.317 Ie21 October 2022 v. 37 n. 10
100 _aJang, Eunsu.
_eauthor.
_956360
245 _aAnalysis and design of flexible-surface induction-heating cooktop with GaN-HEMT-based multiple inverter system /
_cEunsu Jang, Man Jae Kwon, Sang Min Park, Hyo Min Ahn, and Byoung Kuk Lee.
260 _aNew York ;
_bThe Institute of Electrical and Electronics Engineers, Inc. ,
_cOctober 2022.
300 _aVolume 37, pages 12865-12876 :
_billustration ;
_c28 cm.
500 _aIEEE Transactions on Power Electronics, v. 37, n. 10, pages 12865-12876, October 2022.
700 _aJang, Eunsu.
_eauthor.
_956360
700 _aKwon, Man Jae.
_eauthor.
_956361
700 _aPark, Sang Min.
_eauthor.
_956362
700 _aAhn, Hyo Min.
_eauthor.
_956363
700 _aLee, Byoung Kuk.
_eauthor.
_956364
942 _2ddc
_cPER
999 _c20091
_d20091